| 000 | 00506nam a2200169 a 4500 | ||
|---|---|---|---|
| 005 | 20250301063736.0 | ||
| 008 | 991125s1983 mx 000 0 spa u | ||
| 035 | _aUPN01000000033 | ||
| 049 | _aCG | ||
| 050 | 4 |
_aLC1099 _bQ5.6 |
|
| 245 | 0 | 0 | _a5o. Curso de actualización para profesorado bilingüe. |
| 260 |
_aMéxico : _bSEP, Dirección General de Relaciones Internacionales, _c1983. |
||
| 300 | _a307 h. | ||
| 650 | 4 |
_aEducación intercultural _94812 |
|
| 650 | 4 |
_aEducación bilingüe _91532 |
|
| 905 | _aLibro | ||
| 999 |
_c33 _d33 |
||